Formel 1 Weltmeister Sudden-Death - Statistiken

Allgemein
  • Dieses Quiz wurde 4.541 mal gespielt
  • Das Durchschnittsergebnis liegt bei 9 aus 19
Answers on the Grid
Answers color-coded by a green-red scale on the quiz's grid according to % correct below.
Lewis Hamilton
Sebastian Vettel
Ralf Schumacher
Jackie Stewart
Juan Manuel Fangio
Stirling Moss
Carlos Reutemann
Bruce Mclaren
Jenson Button
Alberto Ascari
Kimi Raikkonen
Felipe Massa
Rubens Barrichello
Mike Hawthorn
Michael Schumacher
David Coulthard
Jos Verstappen
Charles Leclerc
Valtteri Bottas
Nelson Piquet
Max Verstappen
Carlos Sainz
Alain Prost
Ayrton Senna
Nigel Mansell
Jacky Ickx
James Hunt
Jody Scheckter
Jacques Villeneuve
Gilles Villeneuve
Jochen Rindt
Denis Hulme
 
Antwortstatistiken
Antwort % Korrekt
Lewis Hamilton
98%
Sebastian Vettel
95%
Juan Manuel Fangio
62%
Jenson Button
60%
Kimi Raikkonen
60%
Michael Schumacher
60%
Max Verstappen
57%
Jackie Stewart
54%
Ayrton Senna
52%
Alain Prost
48%
James Hunt
41%
Nelson Piquet
40%
Nigel Mansell
39%
Alberto Ascari
38%
Jacques Villeneuve
36%
Jochen Rindt
29%
Jody Scheckter
27%
Mike Hawthorn
25%
Denis Hulme
20%
Keine übereinstimmenden Quizze gefunden
Verteilung der Resultate
Anzahl Personen mit jedem Resultat
Perzentil nach korrekt beantworteten Fragen
Ihre Resultats-Entwicklung
Sie haben dieses Quiz noch nicht gespielt